00781nam a22002417a 450000100060000000300090000600500170001500800410003202000150007304000280008808200200011624501340013625000140027026000370028430000490032150400510037065000180042165000180043965000180045770000250047570000180050070000210051810738BD-DhUAP20210124142327.0201205s2005 nyua b 001 0 eng d a0071422803 aDLCcDLCdBD-DhUAPbEng00223 a615.7 GOO 00aGoodman & Gilman's the pharmacological basis of therapeutics /cedited by Laurence L. Brunton, John S. Lazo and Keith L. Parker. a11th ed.  aNew York :bMcGraw-Hill,cc2006. axxiii, 1032 pages :billustrations ;c26 cm. aIncludes bibliographical references and index. 0aPharmacology. 0aTherapeutics.12aPharmacology.1 aBrunton, Laurence L.1 aLazo, John S.1 aParker, Keith L.